Meranie výkonnosti podniku prostredníctvom metódy ukazovateľa EVA
Meranie výkonnosti podniku prostredníctvom ukazovateľa EVA. Praktická aplikácia ukazovateľa EVA - postup výpočtu metódy merania výkonnosti. Definícia pojmu výkonnosť podniku. Vývoj ukazovateľa EVA za sledované obdobie 2015 - 2020.
Salvato in:
| Autore principale: | |
|---|---|
| Altri autori: | |
| Natura: | Capitolo di libro |
| Lingua: | slovacco |
| Soggetti: | |
| Tags: |
Nessun Tag, puoi essere il primo ad aggiungerne!!
|
MARC
| LEADER | 00000naa$a2200000$$$4500 | ||
|---|---|---|---|
| 001 | 0284509 | ||
| 005 | 20240502074412.7 | ||
| 041 | 0 | |a slo | |
| 044 | |a SK | ||
| 245 | 1 | 0 | |a Meranie výkonnosti podniku prostredníctvom metódy ukazovateľa EVA |c Miroslava Barkóciová, Paulína Kaselyová |
| 520 | |a Meranie výkonnosti podniku prostredníctvom ukazovateľa EVA. Praktická aplikácia ukazovateľa EVA - postup výpočtu metódy merania výkonnosti. Definícia pojmu výkonnosť podniku. Vývoj ukazovateľa EVA za sledované obdobie 2015 - 2020. | ||
| 610 | 2 | 0 | |a výkonnosť podniku |
| 610 | 2 | 0 | |a meranie výkonnosti |
| 610 | 2 | 0 | |a analýza finančná |
| 610 | 2 | 0 | |a kapitál cudzí |
| 610 | 2 | 0 | |a kapitál vlastný |
| 100 | 1 | |a Barkóciová, Miroslava, 1996- | |
| 700 | 1 | |a Kaselyová, Paulína, 1995- | |